书目信息 |
| 题名: |
伤寒论
|
|
| 作者: | 张仲景 著 ;王振国 , 杨金萍 校注 | |
| 分册: | ||
| 出版信息: | 北京 中国盲文出版社 2013.05 |
|
| 页数: | 245页 | |
| 开本: | 26cm | |
| 丛书名: | 中医经典必读丛书 | |
| 单 册: | ||
| 中图分类: | R254.2 | |
| 科图分类: | ||
| 主题词: | ||
| 电子资源: | ||
| ISBN: | 978-7-5002-4263-5 | |
| 000 | 01029oam2 2200289 450 | |
| 001 | 0102100418 | |
| 005 | 20210402100820.0 | |
| 010 | @a978-7-5002-4263-5@dCNY26.00 | |
| 100 | @a20130713e20172013em y0chiy50 ea | |
| 101 | 0 | @achi |
| 102 | @aCN@b110000 | |
| 105 | @ay z 001yy | |
| 106 | @ar | |
| 200 | 1 | @a伤寒论@Ashang han lun@f(汉)张仲景著@g王振国,杨金萍校注 |
| 210 | @a北京@c中国盲文出版社@d2013.05@h2017.05 | |
| 215 | @a245页@d26cm | |
| 225 | 2 | @a中医经典必读丛书 |
| 300 | @a大字版国家彩票公益金资助 | |
| 330 | @a《伤寒论》是一部中医经典著作,其理法方药结合的辨治经验对中医临证医学发展影响深远。全书10卷22篇,载方113首。本次整理以北京图书馆藏赵开美本为底本,以对校为主,结合理校、他校、本校等方法。书末附有方剂索引。 | |
| 461 | 0 | @12001 @a中医经典必读丛书 |
| 605 | @a《伤寒论》 | |
| 690 | @aR254.2@v5 | |
| 701 | 0 | @c(汉)@a张仲景@Azhang zhong jing@4著 |
| 702 | 0 | @a王振国@Awang zhen guo@4校注 |
| 702 | 0 | @a杨金萍@Ayang jin ping@4校注 |
| 801 | 0 | @aCN@bBJSZM@c20210402 |
| 905 | @b1275473-6@dR254.2@e557@f4 | |
| 伤寒论/(汉)张仲景著/王振国,杨金萍校注.-北京:中国盲文出版社,2013.05(2017.05) |
| 245页;26cm.-(中医经典必读丛书) |
| 大字版国家彩票公益金资助 |
| ISBN 978-7-5002-4263-5:CNY26.00 |
| 《伤寒论》是一部中医经典著作,其理法方药结合的辨治经验对中医临证医学发展影响深远。全书10卷22篇,载方113首。本次整理以北京图书馆藏赵开美本为底本,以对校为主,结合理校、他校、本校等方法。书末附有方剂索引。 |
| ● |
| 相关链接 |
|
|
|
|
正题名:伤寒论
索取号:R254.2/557
 
预约/预借
| 序号 | 登录号 | 条形码 | 馆藏地/架位号 | 状态 | 备注 |
| 1 | 1275473 | 212754731 | 第二样本阅览室/ [索取号:R254.2/557] | 在馆 | |
| 2 | 1275474 | 212754740 | 教育系资料室/ [索取号:R254.2/557] | 在馆 | |
| 3 | 1275475 | 212754759 | 教育系资料室/ [索取号:R254.2/557] | 在馆 | |
| 4 | 1275476 | 212754768 | 第三借阅区/ [索取号:R254.2/557] | 在馆 |